| 000 | 01178nam a2200301 4500 | ||
|---|---|---|---|
| 003 | EC-QuCCB | ||
| 005 | 20260406151952.0 | ||
| 007 | ta | ||
| 008 | 260406s1986 sp ||||gr|||| 00| j spa d | ||
| 020 | _a84-86003-81-4 | ||
| 040 | _aEC-QuCCB | ||
| 041 | _aspa | ||
| 082 |
_a892.73 _bG447b |
||
| 100 | 1 |
_aGibran, Kahlil, _d1883-1931 _931207 |
|
| 245 | 1 |
_aNinfas del valle _cKhalil Gibran |
|
| 250 | _aPrimera edición | ||
| 260 |
_aBarcelona, España : _bHumanitas, _c1986 |
||
| 300 |
_a47 páginas ; _c21 cm. |
||
| 336 |
_atexto _btxt |
||
| 337 |
_ano mediado _bn |
||
| 338 |
_avolumen _bnc |
||
| 505 | _aMarta -- El polvo de las edades y el fuego eterno -- Yuhanna el loco | ||
| 520 | _aNinfas del Valle es una colección de cuentos que fue publicado después de la muerte de Gibrán. Esta obra es esencialmente un ataque a las instituciones eclesiásticas entonces existentes, con lo cual Gibran Jalil Gibran se ganó entre los árabes una fama de escritor revolucionario que rechazaba la tradición y la realidad corrupta que vivía | ||
| 590 | _abgg | ||
| 650 | 0 |
_aLiteratura libanesa _931208 |
|
| 942 |
_2ddc _cBK |
||
| 999 |
_c83815 _d83815 |
||